<?xml version="1.0" encoding="UTF-8"?><?xml-stylesheet type="text/xsl" href="static/style.xsl"?><OAI-PMH xmlns="http://www.openarchives.org/OAI/2.0/" xmlns:xsi="http://www.w3.org/2001/XMLSchema-instance" xsi:schemaLocation="http://www.openarchives.org/OAI/2.0/ http://www.openarchives.org/OAI/2.0/OAI-PMH.xsd"><responseDate>2026-06-05T19:24:22Z</responseDate><request verb="GetRecord" identifier="oai:riubu.ubu.es:10259/9521" metadataPrefix="marc">https://riubu.ubu.es/oai/request</request><GetRecord><record><header><identifier>oai:riubu.ubu.es:10259/9521</identifier><datestamp>2025-05-12T08:17:24Z</datestamp><setSpec>com_10259_4386</setSpec><setSpec>com_10259_5086</setSpec><setSpec>com_10259_2604</setSpec><setSpec>com_10259_5841</setSpec><setSpec>col_10259_9522</setSpec><setSpec>col_10259_6391</setSpec><setSpec>col_10259_5684</setSpec></header><metadata><record xmlns="http://www.loc.gov/MARC21/slim" xmlns:doc="http://www.lyncode.com/xoai" xmlns:xsi="http://www.w3.org/2001/XMLSchema-instance" xmlns:dcterms="http://purl.org/dc/terms/" xsi:schemaLocation="http://www.loc.gov/MARC21/slim http://www.loc.gov/standards/marcxml/schema/MARC21slim.xsd">
<leader>00925njm 22002777a 4500</leader>
<datafield tag="042" ind1=" " ind2=" ">
<subfield code="a">dc</subfield>
</datafield>
<datafield tag="720" ind1=" " ind2=" ">
<subfield code="a">Sáiz Manzanares, María Consuelo</subfield>
<subfield code="e">author</subfield>
</datafield>
<datafield tag="720" ind1=" " ind2=" ">
<subfield code="a">Martin, Caroline Françoise</subfield>
<subfield code="e">author</subfield>
</datafield>
<datafield tag="720" ind1=" " ind2=" ">
<subfield code="a">González Díez, Irene</subfield>
<subfield code="e">author</subfield>
</datafield>
<datafield tag="720" ind1=" " ind2=" ">
<subfield code="a">Jiménez Eguizábal, Alfredo</subfield>
<subfield code="e">author</subfield>
</datafield>
<datafield tag="720" ind1=" " ind2=" ">
<subfield code="a">Calvo Rodríguez, Alberto</subfield>
<subfield code="e">author</subfield>
</datafield>
<datafield tag="720" ind1=" " ind2=" ">
<subfield code="a">Varela Vázquez, Carmen</subfield>
<subfield code="e">author</subfield>
</datafield>
<datafield tag="720" ind1=" " ind2=" ">
<subfield code="a">Almeida, Leandro</subfield>
<subfield code="e">author</subfield>
</datafield>
<datafield tag="720" ind1=" " ind2=" ">
<subfield code="a">Velasco Saiz, Rut</subfield>
<subfield code="e">author</subfield>
</datafield>
<datafield tag="260" ind1=" " ind2=" ">
<subfield code="c">2024-08-31</subfield>
</datafield>
<datafield tag="520" ind1=" " ind2=" ">
<subfield code="a">The study of the use of metacognitive strategies during learning interaction in collaborative groups is considered referential for understanding the development of such strategies. The use of metacognitive strategies is related to better learning outcomes. We monitored the interaction in five collaborative groups at three points in time (initial, intermediate and final). These groups consisted of undergraduate health science (n = 9) and biomedical engineering students (n = 10). The aims were: 1) To check whether there were significant differences in the use of metacognitive strategies between the groups of students monitored depending on the type of degree or the point in time measurement. 2) To test whether there were significant differences in students' learning outcomes depending on whether or not they had participated in the interaction moni-toring during collaborative interaction. Test clustering without a pre-assignment variable against learning outcomes in collaborative groups. Significant differences were detected in the use of some of the metacognitive strategies of orientation, planning and elaboration in favour of the col-laborative groups of Biomedical Engineering students. Also, students who participated in moni-toring collaborative group in both clusters obtained better learning outcomes. Lastly, the assign-ment groups are exactly related to the collaboration groups with respect to the use of metacogni-tive strategies in the final measurement.</subfield>
</datafield>
<datafield tag="024" ind2=" " ind1="8">
<subfield code="a">http://hdl.handle.net/10259/9521</subfield>
</datafield>
<datafield tag="024" ind2=" " ind1="8">
<subfield code="a">10.71486/n803-zw26</subfield>
</datafield>
<datafield ind1=" " ind2=" " tag="653">
<subfield code="a">Metacognitive strategies</subfield>
</datafield>
<datafield ind1=" " ind2=" " tag="653">
<subfield code="a">Collaborative group</subfield>
</datafield>
<datafield ind1=" " ind2=" " tag="653">
<subfield code="a">Monitoring</subfield>
</datafield>
<datafield ind1=" " ind2=" " tag="653">
<subfield code="a">Higher education</subfield>
</datafield>
<datafield ind1=" " ind2=" " tag="653">
<subfield code="a">Problem-based learning</subfield>
</datafield>
<datafield tag="245" ind1="0" ind2="0">
<subfield code="a">Table A1. Protocol for monitoring the use of metacognitive strategies during group collaborative interaction (POMSCI) (Sáiz-Manzanares, 2024) (teaching year first year of the COVID 19 pandemic vs. second year), covariate (type of degree) on satisfaction and learning responses into the of Journal Comunicar" ISSN:1134-3478</subfield>
</datafield>
</record></metadata></record></GetRecord></OAI-PMH>